Microsoft Produkt Logos - Statistiken

Allgemein
  • Dieses Quiz wurde 80 mal gespielt
  • Das Durchschnittsergebnis liegt bei 9 aus 12
Antwortstatistiken
Bildquiz Antwort % Korrekt
Word
100%
PowerPoint
99%
Excel
97%
Skype
96%
Outlook
95%
Teams
91%
Edge
87%
Windows
87%
One Drive
55%
One Note
47%
To Do
21%
Publisher
17%
Keine übereinstimmenden Quizze gefunden
Verteilung der Resultate
Anzahl Personen mit jedem Resultat
Perzentil nach korrekt beantworteten Fragen
Ihre Resultats-Entwicklung
Sie haben dieses Quiz noch nicht gespielt